| 000 | 00588nam a2200169Ia 4500 | ||
|---|---|---|---|
| 003 | GCL | ||
| 008 | 140319s9999 xx 000 0 ara d | ||
| 040 |
_aGCL / _cGCL |
||
| 082 | 0 | 4 |
_a607.9569 _bص ت |
| 100 | 1 | _aصفا محمود عبدالعال | |
| 245 | 1 | 0 |
_aالتعليم العلمى والتكنولوجى فى اسرائيل / _cصفا محمود عبدالعال |
| 260 |
_aالقاهرة : _bالدار المصرية اللبنانية ، _c2002 |
||
| 300 |
_a455 ص ؛ _c24 سم |
||
| 650 | 0 | 4 | _aاسرائيل |
| 650 | 0 | 4 | _aالتعليم - اسرائيل |
| 942 |
_2ddc _cBK |
||
| 999 |
_c5364 _d5364 |
||